书目信息 |
| 题名: |
心爱之物
|
|
| 作者: | 阿胡维亚 著 ;谭咏风 译 | |
| 分册: | ||
| 出版信息: | 上海 格致出版社 2025.04 |
|
| 页数: | 296页 | |
| 开本: | 21cm | |
| 丛书名: | ||
| 单 册: | ||
| 中图分类: | B848.3 | |
| 科图分类: | ||
| 主题词: | 兴趣--心理学--研究 | |
| 电子资源: | ||
| ISBN: | 978-7-5432-3564-9 | |
| 000 | 01189nam0 2200253 450 | |
| 001 | 013180429 | |
| 005 | 20251022155518.41 | |
| 010 | @a978-7-5432-3564-9@dCNY69.00 | |
| 100 | @a20250430d2025 em y0chiy0120 ea | |
| 101 | 1 | @achi@ceng |
| 102 | @aCN@b310000 | |
| 105 | @aa z 000yy | |
| 106 | @ar | |
| 200 | 1 | @a心爱之物@9xin ai zhi wu@e热爱如何联结并塑造我们@dThe things we love@ehow our passions connect us and make us who we are@f(美)阿伦·阿胡维亚(Aaron Ahuvia)著@g谭咏风译@zeng |
| 210 | @a上海@c格致出版社@c上海人民出版社@d2025.04 | |
| 215 | @a296页@c图@d21cm | |
| 330 | @a本书对人们与物品之间复杂的情感联结进行了深入阐述,这种情感联结不仅影响了个体本身,也塑造了我们与品牌、乃至整个社会的关系。作者通过丰富的事例、科学的分析说明了当面对私有物和爱好等时,我们比我们所想象得要更不理智;事实上,我们对自己所热爱的事物的情感,受到文化和生物因素的影响。 | |
| 510 | 1 | @aThings we love : how our passions connect us and make us who we are@zeng |
| 606 | 0 | @a兴趣@x心理学@x研究 |
| 690 | @aB848.3@v5 | |
| 701 | 0 | @c(美)@a阿胡维亚@9a hu wei ya@c(Ahuvia, Aaron)@4著 |
| 702 | 0 | @a谭咏风@9tan yong feng@4译 |
| 801 | 0 | @aCN@c20250909 |
| 905 | @a河南城建学院图书馆@dB848.3@eA087@ZA087@f1 | |
| 心爱之物:热爱如何联结并塑造我们=The things we love:how our passions connect us and make us who we are/(美)阿伦·阿胡维亚(Aaron Ahuvia)著/谭咏风译.-上海:格致出版社:上海人民出版社,2025.04 |
| 296页:图;21cm |
| ISBN 978-7-5432-3564-9:CNY69.00 |
| 本书对人们与物品之间复杂的情感联结进行了深入阐述,这种情感联结不仅影响了个体本身,也塑造了我们与品牌、乃至整个社会的关系。作者通过丰富的事例、科学的分析说明了当面对私有物和爱好等时,我们比我们所想象得要更不理智;事实上,我们对自己所热爱的事物的情感,受到文化和生物因素的影响。 |
| ● |
| 相关链接 |
|
|
|
正题名:心爱之物
索取号:B848.3/A087
 
预约/预借
| 序号 | 登录号 | 条形码 | 馆藏地/架位号 | 状态 | 备注 |
| 1 | 1632425 | 216324252 | 社科库509/509社科库 41排4列5层/ [索取号:B848.3/A087] | 在馆 |